| 000 | 00436nam a2200157Ia 4500 | ||
|---|---|---|---|
| 008 | 240729s9999 xx 000 0 und d | ||
| 022 | _a2279-7165 | ||
| 245 | 0 | _aEuromediterranean Biomedical Journal | |
| 260 | _aItaly | ||
| 260 | _bAssociazione Italiana Giovani Medici | ||
| 650 | _a Medicine (General) | ||
| 650 | _aMedicine | ||
| 856 | _uhttps://doaj.org/toc/d30da4f7d5584281bb228c53e0f59073 | ||
| 942 | _2ddc | ||
| 942 | _cDOAJEJ | ||
| 999 |
_c69850 _d69850 |
||
| 945 |
_a1 _bMadushi Gamage _c1 _dMadushi Gamage |
||